La Situación política del país en opinión de los salvadoreños
Guardado en:
| 格式: | Texto |
|---|---|
| 主題: | |
| 標簽: |
添加標簽
沒有標簽, 成為第一個標記此記錄!
|
MARC
| LEADER | 00000 a a2200000 04500 | ||
|---|---|---|---|
| 001 | 5930 | ||
| 003 | |||
| 040 | |||
| 245 | |a La Situación política del país en opinión de los salvadoreños | ||
| 650 | |a OPINION PUBLICA | ||
| 650 | |a SOCIEDAD | ||
| 650 | |a CONFLICTOS SOCIALES | ||
| 650 | |a ACUERDOS DE PAZ | ||
| 650 | |a EVALUACION | ||
| 650 | |a GOBIERNO | ||
| 650 | |a ENCUESTAS | ||
| 650 | |a ENCUESTAS | ||
| 773 | |g volumen 15, número 650; páginas 7-9 | ||
| 999 | |c 28850 |d 28850 | ||
